00514nam a22001937a 450000500170000001000130001702000100003003500130004003700160005304000120006908200130008110000240009424500650011826000440018327000490022730000210027665000110029765000120030820170124110221.0 aA-893831 c00.00 aA-893831 bCen Lib/Ret aDPLbEN a581bSUB aSubrahmanyam, N. S. aSubrahmanyam's botany question bank /cby N. S. Subrahmanyam aNew DelhibVikas Publishing Housec1977 bNew Delhia576 Masjid Road, Jangpurae110014 a396p. c22cm(Hb) aBotany aScience